| 000 | 00577nam a22001817a 4500 | ||
|---|---|---|---|
| 999 |
_c187852 _d187852 |
||
| 005 | 20220502124516.0 | ||
| 010 | _aENG-132488 | ||
| 020 |
_a9789386725578 _c800.00 |
||
| 035 | _aEN-116020 | ||
| 037 | _bDBAD/PUB | ||
| 082 | _a372.41 | ||
| 100 | _aDinakar, P. | ||
| 245 |
_aReading and Reflecting on Texts/ _cP. Dinakar |
||
| 260 |
_aNew Delhi _bNeelkamal Publications Pvt. Ltd _c2018 |
||
| 270 |
_a#47/64, 23, Ansari Road, Daryaganj _bNew Delhi _e110002 _mneelkamalbooks@gmail.com |
||
| 300 |
_axv, 200p. _bIndex _c24cm(hbk) |
||
| 942 |
_2ddc _cEN _h372.41 _mDIN |
||